=LDR 00000nam 2200000 4500 =001 INLIS000000000042267 =005 20131008015043 =008 ***********************************Ind** =035 ##$$a0010-101300000000189 =041 ##$$a Ind =082 ##$$a 646.72 =090 ##$$a 646.72, Han M =100 ##$$a Han, Chan =245 ##$$a Make-Up, Bibir =260 ##$$a 2010 $b Jakarta =300 ##$$a 2,96 hlm, Ilus, 19 cm =850 ##$$a NBPNMAT =990 ##$$a 21400613/BPAP-NTB/20142014